Supporting democracy / (Record no. 2364)

MARC details
000 -LEADER
fixed length control field 01617cam a2200445 a 4500
001 - CONTROL NUMBER
control field 735728
003 - CONTROL NUMBER IDENTIFIER
control field OSt
005 - DATE AND TIME OF LATEST TRANSACTION
control field 20230622153349.0
008 - FIXED-LENGTH DATA ELEMENTS--GENERAL INFORMATION
fixed length control field 980217s1998 onca bs f000 0 eng d
010 ## - LIBRARY OF CONGRESS CONTROL NUMBER
LC control number 98191018
015 ## - NATIONAL BIBLIOGRAPHY NUMBER
National bibliography number C98-700620-7E
020 ## - INTERNATIONAL STANDARD BOOK NUMBER
International Standard Book Number 0662633156
035 ## - SYSTEM CONTROL NUMBER
System control number (OCoLC)38758599
040 ## - CATALOGING SOURCE
Original cataloging agency CaOONL
Language of cataloging eng
Transcribing agency CaOONL
Modifying agency DLC
041 0# - LANGUAGE CODE
Language code of text/sound track or separate title engfre
042 ## - AUTHENTICATION CODE
Authentication code lccopycat
043 ## - GEOGRAPHIC AREA CODE
Geographic area code n-cn---
050 00 - LIBRARY OF CONGRESS CALL NUMBER
Classification number JL111.S3
Item number C225 1998
055 02 - CLASSIFICATION NUMBERS ASSIGNED IN CANADA
Classification number JL111*
055 03 - CLASSIFICATION NUMBERS ASSIGNED IN CANADA
Classification number COP.CA.2.1998-414
082 00 - DEWEY DECIMAL CLASSIFICATION NUMBER
Classification number 325.71/0733
Edition number 21
Item number COM
086 1# - GOVERNMENT DOCUMENT CLASSIFICATION NUMBER
Classification number DSS Cat. no. CP 32-61/1997
110 1# - MAIN ENTRY--CORPORATE NAME
Corporate name or jurisdiction name as entry element Canada.
Subordinate unit Commission to Review Allowances of Members of Parliament (1997-1998)
245 10 - TITLE STATEMENT
Title Supporting democracy /
Statement of responsibility, etc. Commission to Review Allowances of Members of Parliament.
246 15 - VARYING FORM OF TITLE
Title proper/short title Au service de la démocratie
260 ## - PUBLICATION, DISTRIBUTION, ETC. (IMPRINT)
Place of publication, distribution, etc. [Ottawa] :
Name of publisher, distributor, etc. The Commission,
Date of publication, distribution, etc. c1998.
300 ## - PHYSICAL DESCRIPTION
Extent 2 v. :
Other physical details ill. ;
Dimensions 23 cm.
500 ## - GENERAL NOTE
General note Distributed by the Government of Canada Depository Services Program.
500 ## - GENERAL NOTE
General note Jean-Jacques Blais, chairperson.
504 ## - BIBLIOGRAPHY, ETC. NOTE
Bibliography, etc Includes bibliographical references.
505 0# - FORMATTED CONTENTS NOTE
Formatted contents note Vol. 1. Commissioners' report -- v. 2. Research papers.
546 ## - LANGUAGE NOTE
Language note English and French; French text on inverted pages.
610 10 - SUBJECT ADDED ENTRY--CORPORATE NAME
Corporate name or jurisdiction name as entry element Canada.
Subordinate unit Parliament
General subdivision Salaries, etc.
650 #0 - SUBJECT ADDED ENTRY--TOPICAL TERM
Topical term or geographic name as entry element Legislators
General subdivision Salaries, etc.
Geographic subdivision Canada.
650 #0 - SUBJECT ADDED ENTRY--TOPICAL TERM
Topical term or geographic name as entry element Cabinet officers
General subdivision Salaries, etc.
Geographic subdivision Canada.
700 1# - ADDED ENTRY--PERSONAL NAME
Personal name Blais, Jean-Jacques,
Dates associated with a name 1940-
906 ## - LOCAL DATA ELEMENT F, LDF (RLIN)
a 7
b cbc
c copycat
d 3
e ncip
f 19
g y-gencatlg
942 ## - ADDED ENTRY ELEMENTS (KOHA)
Source of classification or shelving scheme Dewey Decimal Classification
Koha item type Books
Holdings
Withdrawn status Lost status Source of classification or shelving scheme Damaged status Not for loan Home library Current library Date acquired Total Checkouts Full call number Barcode Date last seen Price effective from Koha item type
    Dewey Decimal Classification     County Hall Archives County Hall Archives 06/22/2023   325.71/0733 COM 10013752 06/22/2023 06/22/2023 Books
LIBRARY OPENING HOURS

When the Parliament is sitting: 8.00a.m - 7.00p.m or until the house adjourns
Mondays and Fridays and when the House is on Recess:  8.00a.m - 5.00p.m
Closed on Weekends and Public Holidays

Online Public Access Catalog (OPAC)
Website: http://www.parliament.go.ke
Bunge Library: https://libraryir.parliament.go.ke
Contact: library@parliament.go.ke | Tel no: (254-2)2221291 or 2848000 Ext 5043